00455nam a22001697a 450000500170000001000140001702000260003103500170005703500130007403700140008708200060010110000170010724500360012426000340016027000670019430000240026120170721100204.0 a1617CH-EN a9780143334002c250.00 aB-641375-403 aB-667386 bAakar/Ven aS a Anand, Paro aLike smoke /c by Paro Anand  aGurgaon bPenguin Booksc2015 a7th floor Infinity Tower C, DLF Cyber City, bGurgaon e122002 ax,217p. c18cm(pbk)